Astrobiology (Record no. 18762)
[ view plain ]
| 000 -LEADER | |
|---|---|
| fixed length control field | 00583nam a2200205Ia 4500 |
| 003 - CONTROL NUMBER IDENTIFIER | |
| control field | IN-BaIIA |
| 008 - FIXED-LENGTH DATA ELEMENTS--GENERAL INFORMATION | |
| fixed length control field | 211028s9999 xx 000 0 eng d |
| 020 ## - INTERNATIONAL STANDARD BOOK NUMBER | |
| International Standard Book Number | 978-1-4214-0096-9 |
| 040 ## - CATALOGING SOURCE | |
| Transcribing agency | IIA Library |
| 080 ## - UNIVERSAL DECIMAL CLASSIFICATION NUMBER | |
| Universal Decimal Classification number | 523.07 |
| Item number | PLA |
| 100 ## - MAIN ENTRY--PERSONAL NAME | |
| Personal name | Plaxco, K. W |
| 9 (RLIN) | 35900 |
| 245 #0 - TITLE STATEMENT | |
| Title | Astrobiology |
| Remainder of title | a brief introduction |
| Statement of responsibility, etc. | K. W. Plaxco and Michael Gross |
| 250 ## - EDITION STATEMENT | |
| Edition statement | 2nd ed. |
| 260 ## - PUBLICATION, DISTRIBUTION, ETC. | |
| Place of publication, distribution, etc. | Baltimore |
| Name of publisher, distributor, etc. | The Johns Hopkins University Press |
| Date of publication, distribution, etc. | 2011 |
| 300 ## - PHYSICAL DESCRIPTION | |
| Extent | xi, 330p. |
| 650 ## - SUBJECT ADDED ENTRY--TOPICAL TERM | |
| Topical term or geographic name entry element | Exobiology |
| 9 (RLIN) | 20584 |
| 650 ## - SUBJECT ADDED ENTRY--TOPICAL TERM | |
| Topical term or geographic name entry element | Life-origine |
| 9 (RLIN) | 35901 |
| 700 ## - ADDED ENTRY--PERSONAL NAME | |
| Personal name | Gross, Michael |
| 9 (RLIN) | 35902 |
| 942 ## - ADDED ENTRY ELEMENTS (KOHA) | |
| Koha item type | Books |
| Withdrawn status | Lost status | Damaged status | Not for loan | Home library | Current library | Shelving location | Date acquired | Source of acquisition | Cost, normal purchase price | Total Checkouts | Full call number | Barcode | Date last seen | Cost, replacement price | Price effective from | Koha item type | Purchase Price |
|---|---|---|---|---|---|---|---|---|---|---|---|---|---|---|---|---|---|
| IIA Library-Bangalore | IIA Library-Bangalore | General Stacks | 09/07/2013 | EDS | 1802.00 | 523.07/ PLA | 19684 | 05/11/2021 | 1802.00 | 09/07/2013 | Books | Rs. 1802.00 |